000
00326nam a2200133Ia 4500
008
240624s9999 xx 000 0 und d
041
_a
eng
082
_a
658.401 BED
100
_a
BEDI KANISHKA
245
_a
QUALITY MANAGEMENT
260
_c
2014
_a
New Delhi
_b
Oxford
300
_a
xi, : 712 : p. : cm. ; 26
365
_c
RS
_b
31
999
_c
25014
_d
25014